[Event "Campioantele Nationale de sah pentru co"]
[Site "Calimanesti-Caciulata"]
[Date "2018.03.29"]
[Round "4.1"]
[White "Cnejev, Vladimir Alexandru"]
[Black "Ciocani, Iosif"]
[Result "1/2-1/2"]
[WhiteElo "1899"]
[BlackElo "1471"]
[PlyCount "136"]
[EventDate "2018.03.27"]
[EventRounds "9"]

1. e4 e6 2. d4 d5 3. e5 c5 4. c3 Nc6 5. Nf3 Qb6 6. a3 c4 7. Nbd2 Na5 8. g3 Bd7
9. Bg2 Ne7 10. O-O Qc7 11. Re1 Nc8 12. Qe2 Ba4 13. Nf1 Nb3 14. Rb1 Nb6 15. Ne3
O-O-O 16. Nc2 a5 17. Na1 Qd7 18. Ng5 h6 19. Nh3 Be7 20. Bf3 g6 21. Qf1 Bb5 22.
Be2 a4 23. Be3 Rdf8 24. Qg2 Na8 25. Nf4 Nc7 26. Nc2 Na6 27. Bg4 Bc6 28. Nb4
Bxb4 29. axb4 Nc7 30. Bd1 b5 31. Bc2 Rfg8 32. Bxb3 axb3 33. Ra1 Kb7 34. Ra5 Ra8
35. Rea1 Rxa5 36. bxa5 Ka6 37. Nh3 Ne8 38. Qf3 Qe7 39. Bd2 Ng7 40. Nf4 Qf8 41.
Ng2 Qe7 42. Ne3 h5 43. Ng2 Nf5 44. h4 Rh7 (44... Rh6 45. Ne3 Qe8 46. Qf4 Qe7
47. Nxf5) 45. Ne3 Qe8 46. Qf4 Qe7 $11 47. Nxf5 exf5 48. Qg5 Qxg5 49. Bxg5 Bd7
50. Bf6 Be6 51. Kf1 Bd7 52. Ke2 f4 53. Kf3 fxg3 54. Kxg3 Be6 55. Kf4 Bd7 56.
Kg5 Be6 57. Be7 Rh8 58. Bb4 Rc8 59. Re1 Rc6 60. Re3 Rc7 61. Rf3 Rd7 62. Kf6 Rc7
63. Kg7 Rb7 64. Kf8 Rc7 65. Ke8 Rb7 66. Bd6 Rd7 67. Bb4 Rc7 68. Bd6 Rb7 1/2-1/2

[Event "Campioantele Nationale de sah pentru co"]
[Site "Calimanesti-Caciulata"]
[Date "2018.03.28"]
[Round "2.8"]
[White "Stanescu, Tudor-Stefan"]
[Black "Ciocani, Iosif"]
[Result "0-1"]
[WhiteElo "1199"]
[BlackElo "1471"]
[PlyCount "68"]
[EventDate "2018.03.27"]
[EventRounds "9"]

1. d4 c5 2. Nf3 b6 3. Bf4 Bb7 4. e3 Nf6 5. c3 d6 6. Nbd2 Nbd7 7. Bd3 g6 8. O-O
Bg7 9. Re1 O-O 10. e4 Nh5 11. Be3 e5 12. d5 Nf4 13. Bb5 Rc8 14. Bxd7 Qxd7 15.
c4 Bh6 16. g3 Qg4 17. Nh4 Qh3 18. Bxf4 exf4 19. Ng2 fxg3 20. hxg3 Rce8 21. Ne3
Re5 22. Qg4 Qxg4 23. Nxg4 Bxd2 24. Nxe5 Bxe1 25. Rxe1 dxe5 26. Kg2 f6 27. f3
Kf7 28. Kf2 Ke7 29. b3 Kd6 30. Kg2 a6 31. Kf2 b5 32. Rc1 Rb8 33. Rc2 Bc8 34.
cxb5 axb5 0-1

[Event "Campioantele Nationale de sah pentru co"]
[Site "Calimanesti-Caciulata"]
[Date "2018.03.27"]
[Round "1.10"]
[White "Ciocani, Iosif"]
[Black "Iorga, Andrei"]
[Result "1-0"]
[WhiteElo "1471"]
[BlackElo "1007"]
[PlyCount "67"]
[EventDate "2018.03.27"]
[EventRounds "9"]

1. d4 d5 2. Nf3 Nc6 3. e3 e6 4. Bd3 Nf6 5. Nbd2 Bd6 6. O-O O-O 7. Qe2 Ng4 8. h3
Nf6 9. e4 dxe4 10. Nxe4 Nxe4 11. Qxe4 f5 12. Qe2 Qf6 13. c3 Qg6 14. Bc4 a6 15.
Re1 Re8 16. d5 Nd8 17. dxe6 Bxe6 18. Ng5 b5 19. Bb3 h6 20. Nxe6 Nxe6 21. Bxe6+
Kh8 22. Bd2 Rf8 23. Qf3 f4 24. Re4 Qg5 25. Qg4 Qf6 26. Rae1 Rae8 27. Bd5 g6 28.
Rxe8 Rxe8 29. Rxe8+ Kg7 30. Qd7+ Be7 31. Rxe7+ Qxe7 32. Qxe7+ Kh8 33. Bxf4 g5
34. Be5# 1-0

[Event "Campionatele Nationale individuale de s"]
[Site "Baile Felix"]
[Date "2017.02.09"]
[Round "9.19"]
[White "Ciocani, Iosif"]
[Black "Hejja, Adam-Peter"]
[Result "1-0"]
[WhiteElo "1226"]
[BlackElo "1233"]
[PlyCount "78"]
[EventDate "2017.02.02"]
[EventRounds "9"]

1. d4 d5 2. Nf3 Nf6 3. e3 Nc6 4. Bd3 Bg4 5. Nbd2 e6 6. O-O Bd6 7. c3 O-O 8. Qe2
Re8 9. e4 Nd7 10. e5 Be7 11. Qe3 f6 12. c4 Nf8 13. Qf4 Bxf3 14. Nxf3 f5 15. Qg3
Kh8 16. Ng5 Bxg5 17. Bxg5 Qd7 18. h4 dxc4 19. Bxc4 Qxd4 20. Bb5 a6 21. Bxc6
bxc6 22. h5 Rab8 23. h6 g6 24. Bf6+ Kg8 25. Bg7 Qg4 26. Qd3 Qe4 27. Qa3 Rb6 28.
Rad1 Qb4 29. Qd3 Rbb8 30. Bxf8 Qxf8 31. Qd7 Qe7 32. Qxc6 Rbd8 33. Qxa6 Rxd1 34.
Rxd1 Kf7 35. Qb5 Rd8 36. Rxd8 Qxd8 37. Qc4 g5 38. a4 Qd7 39. a5 c6 1-0

[Event "Campionatele Nationale individuale de s"]
[Site "Baile Felix"]
[Date "2017.02.08"]
[Round "8.17"]
[White "Lup, Constantin-Ionel"]
[Black "Ciocani, Iosif"]
[Result "1/2-1/2"]
[WhiteElo "1210"]
[BlackElo "1226"]
[PlyCount "57"]
[EventDate "2017.02.02"]
[EventRounds "9"]

1. c4 e5 2. g3 Nc6 3. Bg2 Nf6 4. a3 d6 5. Nc3 Be6 6. d3 d5 7. cxd5 Nxd5 8. Nf3
Be7 9. O-O O-O 10. d4 exd4 11. Nxd4 Nxd4 12. Qxd4 c6 13. Bf4 Bf6 14. Be5 Bxe5
15. Qxe5 Nxc3 16. Qxc3 Qe7 17. Rad1 Rad8 18. e3 Rd6 19. Rd4 Rfd8 20. Rfd1 Qc7
21. Qb4 Rxd4 22. Rxd4 Rxd4 23. Qxd4 a6 24. b4 h6 25. f4 Qd7 26. Qxd7 Bxd7 27.
Kf2 f5 28. Ke2 Kf7 29. Kd3 1/2-1/2

[Event "Campionatele Nationale individuale de s"]
[Site "Baile Felix"]
[Date "2017.02.07"]
[Round "7.27"]
[White "Ciocani, Iosif"]
[Black "Sofrone, David-Eduard"]
[Result "1-0"]
[WhiteElo "1226"]
[BlackElo "1155"]
[PlyCount "63"]
[EventDate "2017.02.02"]
[EventRounds "9"]

1. e4 e6 2. d4 d5 3. Nd2 c5 4. exd5 exd5 5. Ngf3 Bg4 6. Be2 Qe7 7. O-O cxd4 8.
h3 Bh5 9. Bb5+ Kd8 10. Re1 Qd6 11. Re8+ Kc7 12. c4 Ne7 13. cxd5 Qxd5 14. Qc2+
Kb6 15. a4 a5 16. b3 f6 17. Bb2 Nec6 18. Ree1 Bb4 19. Rec1 Nd7 20. Ba3 Bxa3 21.
Rxa3 Qc5 22. Qb2 Qd5 23. Bxc6 bxc6 24. Nxd4 Qe5 25. Rxc6+ Kb7 26. Rc1 Rac8 27.
Rb1 Rhd8 28. b4 Ka6 29. bxa5 Kxa5 30. Qb4+ Ka6 31. Qb7+ Ka5 32. Qa7# 1-0

[Event "Campionatele Nationale individuale de s"]
[Site "Baile Felix"]
[Date "2017.02.06"]
[Round "6.28"]
[White "Stingu, Alin"]
[Black "Ciocani, Iosif"]
[Result "0-1"]
[WhiteElo "1354"]
[BlackElo "1226"]
[PlyCount "102"]
[EventDate "2017.02.02"]
[EventRounds "9"]

1. e4 e5 2. Nf3 Nc6 3. Bc4 Bc5 4. d3 Nf6 5. Bg5 a6 6. Nc3 h6 7. Bh4 g5 8. Bg3
Na5 9. Bxe5 Nxc4 10. dxc4 d6 11. Bd4 Rg8 12. Bxc5 dxc5 13. Qxd8+ Kxd8 14.
O-O-O+ Ke8 15. Rhe1 c6 16. e5 Nh5 17. Na4 Nf4 18. Nxc5 Nxg2 19. Re4 Nf4 20. Kb1
b6 21. Red4 Bg4 22. Ne4 Kf8 23. Ned2 Kg7 24. Re1 Rad8 25. Ree4 Bf5 26. Rxd8
Rxd8 27. Rd4 Rxd4 28. Nxd4 Bd7 29. Ne4 Ne6 30. c3 Kg6 31. Kc2 c5 32. Nxe6 Bxe6
33. Nd6 Kh5 34. Kd3 Kg4 35. b4 Kf4 36. Ne4 Bf5 37. bxc5 bxc5 38. Kc2 Kxe5 39.
f3 Bxe4+ 40. fxe4 Kxe4 41. Kd2 Kf3 42. Kd3 f5 43. a3 f4 44. Kd2 Kg2 45. h4 f3
46. h5 f2 47. a4 f1=Q 48. a5 Qf2+ 49. Kd1 Kf3 50. Kc1 Ke3 51. Kb1 Kd3 0-1

[Event "Campionatele Nationale individuale de s"]
[Site "Baile Felix"]
[Date "2017.02.05"]
[Round "5.26"]
[White "Ciocani, Iosif"]
[Black "Bindea, Robert-Alexandru"]
[Result "0-1"]
[WhiteElo "1226"]
[BlackElo "1190"]
[PlyCount "94"]
[EventDate "2017.02.02"]
[EventRounds "9"]

1. e4 e5 2. Nf3 Nc6 3. Bc4 Bc5 4. c3 Nf6 5. d3 a6 6. Nbd2 d6 7. h3 Bd7 8. Nf1
Qe7 9. Ng3 g6 10. Bg5 h6 11. Bd2 Na5 12. Bd5 c6 13. Bb3 Nxb3 14. Qxb3 Be6 15.
Qd1 O-O-O 16. b4 Ba7 17. a4 Qc7 18. Rb1 b5 19. axb5 cxb5 20. Qc1 d5 21. O-O Ne8
22. Qa3 Qb7 23. Ra1 Nc7 24. Rfd1 dxe4 25. dxe4 f6 26. Nh4 g5 27. Nhf5 Bxf5 28.
Nxf5 Qxe4 29. Ne3 f5 30. Rac1 f4 31. Nf1 Qe2 32. Be1 Rxd1 33. Rxd1 Qxd1 34. Bd2
e4 35. Qc1 Qxc1 36. Bxc1 Nd5 37. Bb2 e3 38. fxe3 Bxe3+ 39. Kh2 Rg8 40. Kh1 g4
41. h4 Bf2 42. Kh2 g3+ 43. Kh3 Ne3 44. Nd2 Rd8 45. Nf3 Rd1 46. Nh2 Rh1 47. Ba3
Rxh2# 0-1

[Event "Campionatele Nationale individuale de s"]
[Site "Baile Felix"]
[Date "2017.02.05"]
[Round "4.18"]
[White "Militaru, Mihai-Adrian"]
[Black "Ciocani, Iosif"]
[Result "1-0"]
[WhiteElo "1279"]
[BlackElo "1226"]
[PlyCount "59"]
[EventDate "2017.02.02"]
[EventRounds "9"]

1. e4 c5 2. Nf3 Nc6 3. Nc3 e6 4. Bc4 g6 5. d4 d5 6. exd5 exd5 7. Bxd5 Bg4 8. h3
cxd4 9. Bxc6+ bxc6 10. Qxd4 Qxd4 11. Nxd4 c5 12. Ndb5 Bd7 13. Nc7+ Kd8 14. Nxa8
Bc6 15. Bg5+ f6 16. O-O-O+ Kc8 17. Bf4 Bxa8 18. Rhe1 Ne7 19. Nb5 Nd5 20. Re8+
Kd7 21. Rxa8 Kc6 22. Nxa7+ Kb7 23. Rb8+ Kxa7 24. Rxd5 g5 25. Bg3 g4 26. b4 gxh3
27. bxc5 hxg2 28. Rd7+ Ka6 29. Rb6+ Ka5 30. Ra7# 1-0

[Event "Campionatele Nationale individuale de s"]
[Site "Baile Felix"]
[Date "2017.02.04"]
[Round "3.10"]
[White "Ciocani, Iosif"]
[Black "Nicolae, Dan-Stefan"]
[Result "0-1"]
[WhiteElo "1226"]
[BlackElo "1291"]
[PlyCount "110"]
[EventDate "2017.02.02"]
[EventRounds "9"]

1. e4 c5 2. Nf3 Nc6 3. Bb5 g6 4. Nc3 Bg7 5. d3 e6 6. Be3 d6 7. Qd2 Nge7 8. a3
O-O 9. Bh6 a6 10. Ba4 b5 11. Bb3 Re8 12. Qf4 Ne5 13. Nxe5 Bxe5 14. Qg4 d5 15.
f4 Bg7 16. Bxg7 Kxg7 17. O-O Bb7 18. f5 exf5 19. exf5 Nxf5 20. Nxd5 Bxd5 21.
Rxf5 Bxb3 22. cxb3 Qxd3 23. Raf1 Ra7 24. R5f3 Qc2 25. Qg5 Qxb2 26. Qxc5 Rae7
27. Qd6 f5 28. Qg3 Re6 29. Qg5 Kf8 30. Rg3 Qxa3 31. Qc1 Qe7 32. h3 Re1 33. Qf4
Rxf1+ 34. Qxf1 Qe1 35. Rd3 Qxf1+ 36. Kxf1 a5 37. Rd5 Rb8 38. Ke2 a4 39. b4 a3
40. Rd1 Kg7 41. Ke3 Kh6 42. Ra1 Ra8 43. Ra2 Kg5 44. Kd4 Kf6 45. Kc5 Ke7 46.
Kxb5 Kd7 47. Kc4 Kc6 48. Kb3 Kb5 49. Rxa3 Rxa3+ 50. Kxa3 f4 51. Kb3 g5 52. Kc3
h5 53. Kb3 g4 54. h4 f3 55. gxf3 g3 0-1

[Event "Campionatele Nationale individuale de s"]
[Site "Baile Felix"]
[Date "2017.02.03"]
[Round "2.14"]
[White "Ciocani, Iosif"]
[Black "Cosac, Robert Mihai"]
[Result "1-0"]
[WhiteElo "1226"]
[BlackElo "1287"]
[PlyCount "71"]
[EventDate "2017.02.02"]
[EventRounds "9"]

1. e4 e5 2. Nf3 Nf6 3. Nxe5 d6 4. Nf3 Nxe4 5. d3 Nf6 6. Bg5 Be7 7. Be2 Bg4 8.
O-O O-O 9. h3 Bh5 10. Nh4 Bg6 11. Nxg6 fxg6 12. Qd2 Nc6 13. Nc3 Qd7 14. Rfe1
Rae8 15. Bf3 Bd8 16. Re3 Rxe3 17. fxe3 b6 18. Nd5 Nxd5 19. Bxd5+ Kh8 20. Bxd8
Nxd8 21. Rf1 Rxf1+ 22. Kxf1 Qf5+ 23. Bf3 Ne6 24. e4 Qf6 25. Kg1 Qxb2 26. Qf2
Kg8 27. c4 Qc3 28. Qe3 Qa1+ 29. Kh2 Qxa2 30. e5 Kf7 31. Bd5 Qa3 32. Qe4 Ke7 33.
d4 Qb2 34. exd6+ cxd6 35. Qxe6+ Kd8 36. Bc6 1-0

[Event "Campionatele Nationale Individuale de s"]
[Site "?"]
[Date "2017.02.02"]
[Round "?"]
[White "David, Radu"]
[Black "Ciocani, Iosif"]
[Result "0-1"]
[WhiteElo "1351"]
[BlackElo "1226"]
[PlyCount "90"]
[EventDate "2017.??.??"]

1. e4 c5 2. c3 d5 3. exd5 Qxd5 4. d4 Nc6 5. Nf3 Bg4 6. Be2 cxd4 7. cxd4 e6 8.
Be3 Nf6 9. O-O Be7 10. h3 Bf5 11. Nc3 Qa5 12. Qb3 Qb4 13. Nb5 Qxb3 14. axb3 Nd5
15. Bc4 O-O 16. Bxd5 exd5 17. Nc7 Rad8 18. Ng5 Rd7 19. Nb5 a6 20. Nc3 Bxg5 21.
Bxg5 Nxd4 22. g4 Bxg4 23. hxg4 Nf3+ 24. Kg2 Nxg5 25. Ra5 Rfd8 26. Rd1 Ne4 27.
Raxd5 Rxd5 28. Nxd5 Rf8 29. Re1 Nc5 30. Re3 h6 31. Rc3 Ne4 32. Rc7 Rb8 33. Nb6
Nf6 34. f3 Rd8 35. Rc8 Rxc8 36. Nxc8 Kf8 37. Nd6 b6 38. Nc4 b5 39. Nd6 Ke7 40.
Nf5+ Kf8 41. Kg3 h5 42. g5 Nd5 43. f4 g6 44. Nd4 Ke7 45. Ne2 Ke6 0-1

[Event "Campionatul National de sah clasic-2016"]
[Site "Calimanesti-Caciulata"]
[Date "2016.04.25"]
[Round "9.14"]
[White "Gorea, Rares-Andrei"]
[Black "Ciocani, Iosif"]
[Result "1-0"]
[WhiteElo "1131"]
[BlackElo "1058"]
[PlyCount "77"]
[EventDate "2016.04.18"]
[EventRounds "9"]

1. e4 e6 2. d4 d5 3. exd5 exd5 4. Bd3 Nf6 5. Be3 Nc6 6. Nc3 Bb4 7. Bd2 Nxd4 8.
Nf3 Bg4 9. Be2 Nxf3+ 10. Bxf3 Bxf3 11. Qxf3 O-O 12. O-O Ne4 13. Rad1 Qe7 14.
Nxd5 Qh4 15. Bxb4 Rfd8 16. Be7 Ng5 17. Qe3 Rd7 18. Bxg5 Qh5 19. Ne7+ Rxe7 20.
Qxe7 h6 21. Rd8+ Rxd8 22. Qxd8+ Kh7 23. Be3 Qg4 24. Qxc7 h5 25. Qxb7 h4 26. h3
Qg6 27. c4 a5 28. c5 Qc2 29. c6 Qe4 30. Qa6 Qe7 31. Rc1 Qc7 32. Qb7 Qe5 33. c7
Qf6 34. c8=Q Qg6 35. Qbb8 Qf6 36. Rc6 Qd8 37. Qf5+ g6 38. Qxf7+ Kh8 39. Qxd8#
1-0

[Event "Campionatul National de sah clasic-2016"]
[Site "Calimanesti-Caciulata"]
[Date "2016.04.24"]
[Round "8.18"]
[White "Ciocani, Iosif"]
[Black "Maris, Andrei-Ionut"]
[Result "1-0"]
[WhiteElo "1058"]
[BlackElo "1134"]
[PlyCount "98"]
[EventDate "2016.04.18"]
[EventRounds "9"]

1. e4 e5 2. d4 exd4 3. Qxd4 Nc6 4. Qe3 g6 5. Nc3 Bg7 6. Nf3 Nge7 7. Bc4 O-O 8.
O-O b6 9. Bd2 d6 10. Ng5 Bh6 11. Qf4 Be6 12. Bb3 Bxb3 13. axb3 d5 14. Qh4 Bxg5
15. Bxg5 h5 16. Bh6 Nf5 17. Qf4 Qh4 18. Qxh4 Nxh4 19. Bxf8 Rxf8 20. f3 g5 21.
Nxd5 Nd4 22. Rf2 c6 23. Nf6+ Kg7 24. Nxh5+ Kg6 25. Ng3 a5 26. Ne2 Nxc2 27. Rc1
Nb4 28. g3 Nxf3+ 29. Rxf3 b5 30. Ra1 a4 31. bxa4 bxa4 32. Rxa4 Nc2 33. Rc3 Ne1
34. Kf2 Nf3 35. Kxf3 f5 36. Rxc6+ Kh5 37. Raa6 fxe4+ 38. Kxe4 Rh8 39. h3 Re8+
40. Re6 Rh8 41. Rh6+ Rxh6 42. Rxh6+ Kxh6 43. b4 Kg6 44. b5 Kf7 45. b6 Ke7 46.
b7 Kd7 47. b8=Q Ke6 48. Qe5+ Kd7 49. Qd5+ Ke7 1-0

[Event "Campionatul National de sah clasic-2016"]
[Site "Calimanesti-Caciulata"]
[Date "2016.04.23"]
[Round "7.17"]
[White "Ciocani, Iosif"]
[Black "Buzuriu, Razvan-Florin"]
[Result "1/2-1/2"]
[WhiteElo "1058"]
[BlackElo "1194"]
[PlyCount "102"]
[EventDate "2016.04.18"]
[EventRounds "9"]

1. e4 e5 2. Nf3 Nf6 3. Nc3 Nc6 4. Bc4 Bc5 5. d3 h6 6. Be3 Bb6 7. O-O d6 8. h3
Be6 9. Bb5 O-O 10. Ne2 Bc8 11. Ng3 Re8 12. Nh4 d5 13. Qf3 dxe4 14. dxe4 Kh7 15.
Nhf5 Bxf5 16. Nxf5 h5 17. Bg5 g6 18. Ng3 Re6 19. Bc4 Nd4 20. Qd3 Rc6 21. Rad1
Kg7 22. c3 Rd6 23. cxd4 Rxd4 24. Qc2 Rxd1 25. Rxd1 Qe8 26. Bxf6+ Kxf6 27. Qc3
Kg7 28. Qc1 Qe7 29. Rd3 Qc5 30. Rd2 Ba5 31. Rd7 b5 32. Rd5 Qxc4 33. Qxc4 bxc4
34. Rxa5 Rb8 35. Rxa7 Rxb2 36. Rxc7 Rxa2 37. Rxc4 Ra1+ 38. Kh2 Ra2 39. Rc5 Rxf2
40. Rxe5 h4 41. Nh1 Re2 42. Kg1 Kf6 43. Re8 Kg5 44. Kf1 Re3 45. Rf8 Rxe4 46.
Rxf7 Rf4+ 47. Rxf4 Kxf4 48. Kf2 g5 49. g4 hxg3+ 50. Nxg3 g4 51. hxg4 Kxg4
1/2-1/2

[Event "Campionatul National de sah clasic-2016"]
[Site "Calimanesti-Caciulata"]
[Date "2016.04.22"]
[Round "6.12"]
[White "Mainov, Stefan-Gabriel"]
[Black "Ciocani, Iosif"]
[Result "1/2-1/2"]
[WhiteElo "1199"]
[BlackElo "1058"]
[PlyCount "82"]
[EventDate "2016.04.18"]
[EventRounds "9"]

1. e4 e6 2. d4 d5 3. exd5 exd5 4. Nf3 Bg4 5. Nc3 Bb4 6. Bd2 Nc6 7. Be2 Nxd4 8.
Nxd4 Nf6 9. a3 Bxc3 10. Bxc3 Bd7 11. h3 O-O 12. Qd3 c5 13. Nf3 d4 14. Bd2 Re8
15. O-O b5 16. b3 Be6 17. Bg5 h6 18. Bf4 c4 19. bxc4 Bxc4 20. Qxd4 Bxe2 21.
Qxd8 Raxd8 22. Rfe1 Bxf3 23. gxf3 g5 24. Be5 Nd7 25. Bd4 Rxe1+ 26. Rxe1 a5 27.
Bc3 Ra8 28. Ra1 Nc5 29. Kg2 Kh7 30. Kg3 f5 31. f4 Kg6 32. Be1 a4 33. Bb4 Ne4+
34. Kf3 gxf4 35. Kxf4 Nxf2 36. Rg1+ Kf6 37. Bc3+ Ke6 38. Rg6+ Kf7 39. Rxh6 Rc8
40. Bb4 Rxc2 41. Kxf5 Rc8 1/2-1/2

[Event "Campionatul National de sah clasic-2016"]
[Site "Calimanesti-Caciulata"]
[Date "2016.04.21"]
[Round "4.16"]
[White "Ciocani, Iosif"]
[Black "Ionescu, Rares-Andrei"]
[Result "1-0"]
[WhiteElo "1058"]
[BlackElo "1190"]
[PlyCount "30"]
[EventDate "2016.04.18"]
[EventRounds "9"]

1. e4 e5 2. Nf3 Nc6 3. Bc4 Bc5 4. d3 d6 5. h3 Nf6 6. c3 Qe7 7. Nbd2 Bd7 8. Nf1
h6 9. Ng3 O-O 10. Nh4 Rad8 11. Qf3 Qe8 12. Ngf5 Be6 13. Bxh6 Qd7 14. Qg3 Bxf5
15. Nxf5 Ne8 {... (43)} 1-0

[Event "Campionatul National de sah clasic-2016"]
[Site "Calimanesti-Caciulata"]
[Date "2016.04.21"]
[Round "5.10"]
[White "Cnejev, Vladimir Alexandru"]
[Black "Ciocani, Iosif"]
[Result "1-0"]
[WhiteElo "1211"]
[BlackElo "1058"]
[PlyCount "29"]
[EventDate "2016.04.18"]
[EventRounds "9"]

1. e4 e6 2. d4 d5 3. e5 c5 4. Nf3 Nc6 5. Bf4 Qb6 6. b3 cxd4 7. Bd3 Bb4+ 8. Nbd2
Bc3 9. Rb1 Qa5 10. a4 Nge7 11. O-O O-O 12. Bxh7+ Kxh7 13. Ng5+ Kg8 14. Qh5 Bxd2
15. Qh7# 1-0

[Event "Campionatul National de sah clasic-2016"]
[Site "Calimanesti-Caciulata"]
[Date "2016.04.20"]
[Round "3.33"]
[White "Onica, Victor-Dominic"]
[Black "Ciocani, Iosif"]
[Result "0-1"]
[WhiteElo "1001"]
[BlackElo "1058"]
[PlyCount "56"]
[EventDate "2016.04.18"]
[EventRounds "9"]

1. e4 e6 2. Nf3 Nc6 3. d4 d5 4. exd5 exd5 5. Nc3 Bb4 6. Bd3 Bg4 7. Be3 Qe7 8.
Qe2 Nf6 9. O-O Bxc3 10. bxc3 Ne4 11. Bxe4 dxe4 12. Bg5 f6 13. Qb5 exf3 14. Qxb7
O-O 15. Qxc6 fxg5 16. g3 Qf6 17. Qc4+ Kh8 18. Qxc7 Bf5 19. Qe5 Qh6 20. c4 Rf6
21. d5 Qh5 22. Rab1 Rg8 23. Rb8 Bc8 24. Qc7 Rh6 25. g4 Qe8 26. d6 Qd7 27. Rxc8
Qxg4+ 28. Kh1 Qg2# 0-1

[Event "Campionatul National de sah clasic-2016"]
[Site "Calimanesti-Caciulata"]
[Date "2016.04.19"]
[Round "2.17"]
[White "Ciocani, Iosif"]
[Black "Anghelus, Alexandru-Mihai"]
[Result "0-1"]
[WhiteElo "1058"]
[BlackElo "1203"]
[PlyCount "71"]
[EventDate "2016.04.18"]
[EventRounds "9"]

1. e4 c6 2. c4 g6 3. Nc3 Bg7 4. Nf3 Nf6 5. Be2 d6 6. d3 Bg4 7. Bg5 Nbd7 8. h3
Bxf3 9. Bxf3 c5 10. Nd5 Nxd5 11. exd5 Bxb2 12. Rb1 Bc3+ 13. Bd2 Bg7 14. Rxb7
Nb6 15. Bg5 f6 16. Be3 Qc8 17. Rxb6 axb6 18. Qe2 Qa6 19. O-O Qxa2 20. Bd2 Qb2
21. Re1 Qe5 22. Be3 f5 23. g3 Bf6 24. Qf1 Ra1 25. Bd2 Rxe1 26. Bxe1 Qa1 27. Kg2
Bc3 28. Bxc3 Qxc3 29. Qb1 Qb4 30. Qa1 Rg8 31. Qa8+ Kf7 32. Qa1 Qb3 33. Qf1 Ra8
34. Be2 Qc2 35. Qe1 Qb2 36. Bf3 {... (60)} 0-1